NBA team quizzes Houston Rockets - Statistics

General Stats
  • This quiz has been taken 75 times
  • The average score is 10 of 12
Answer Stats
Hint Answer % Correct
rebounds leader Hakeem Olajuwon
98%
how many rings do they have 2
97%
points leader Hakeem Olajuwon
97%
when was their most recent ring (say never if they haven't won one) 1995
95%
how many jerseys have they retired (including James Harden) 8
95%
NBA player nicknamed Hakeem the Dream Hakeem Olajuwon
95%
blocks leader Hakeem Olajuwon
94%
assists leader James Harden
92%
what number did James Harden wear 13
80%
steals leader Hakeem Olajuwon
79%
what number did Hakeem Olajuwon 34
73%
what jersey have they most recently retired Yao Ming
45%
No matching quizzes found
Score Distribution
Percent of People with Each Score
Percentile by Number Answered
Your Score History
You have not taken this quiz